Population projections for Pakistan 1960-2000 / (Record no. 34244)
[ view plain ]
| 000 -LEADER | |
|---|---|
| fixed length control field | 01027nam a22002891 4500 |
| 001 - CONTROL NUMBER | |
| control field | 34244 |
| 003 - CONTROL NUMBER IDENTIFIER | |
| rucl marc code | BD-RjUL |
| 005 - DATE AND TIME OF LATEST TRANSACTION | |
| control field | 20211209052127.0 |
| 008 - FIXED-LENGTH DATA ELEMENTS--GENERAL INFORMATION | |
| fixed length control field | 140514s1968 pk a b 000 0 eng |
| 035 ## - SYSTEM CONTROL NUMBER | |
| System control number | (BD-RjUL)34338 |
| 040 ## - CATALOGING SOURCE | |
| Original cataloging agency | DLC |
| Transcribing agency | DLC |
| Modifying agency | BD-RjUL |
| Language of cataloging | eng |
| 041 ## - LANGUAGE CODE | |
| Language code of text/sound track or separate title | eng |
| 082 00 - DEWEY DECIMAL CLASSIFICATION NUMBER | |
| Classification number | 363.96 |
| Author mark and year | BEP 1968 |
| 100 1# - MAIN ENTRY--PERSONAL NAME | |
| Personal name | Bean, Lee L. |
| 9 (RLIN) | 90421 |
| 245 10 - TITLE STATEMENT | |
| Title | Population projections for Pakistan 1960-2000 / |
| Statement of responsibility, etc. | Lee L. Ban, Masihur Rahman Khan [and] A. Razzaque Rukanuddin. |
| 260 ## - PUBLICATION, DISTRIBUTION, ETC. (IMPRINT) | |
| Place of publication, distribution, etc. | Karachi : |
| Name of publisher, distributor, etc. | Pakistan Institute of development Economics ; |
| Date of publication, distribution, etc. | 1968. |
| 300 ## - PHYSICAL DESCRIPTION | |
| Pagination | 93 p. : |
| Illustrations | illus. ; |
| Size | 22 cm. |
| 490 1# - SERIES STATEMENT | |
| Series statement | Monographs in the economics of development. no. 17 |
| 504 ## - BIBLIOGRAPHY, ETC. NOTE | |
| Bibliography, etc | Includes bibliographies. |
| 650 #0 - SUBJECT ADDED ENTRY--TOPICAL TERM | |
| Topical term or geographic name as entry element | Population forecasting |
| Geographic subdivision | Pakistan. |
| 9 (RLIN) | 104081 |
| 651 #0 - SUBJECT ADDED ENTRY--GEOGRAPHIC NAME | |
| Geographic name | Pakistan |
| General subdivision | Population. |
| 9 (RLIN) | 104082 |
| 700 1# - ADDED ENTRY--PERSONAL NAME | |
| Personal name | Khan, Masihur Rahman, |
| Relator term | joint author. |
| Personal name | Rukanuddin, Abdul Razzaque, |
| Relator term | joint author. |
| 942 ## - ADDED ENTRY ELEMENTS (KOHA) | |
| Source of classification or shelving scheme | Dewey Decimal Classification |
| Koha item type | Books |
| Lost status | Source of classification or shelving scheme | Damaged status | Not for loan | Collection code | Permanent Location | Current Location | Shelving location | Date acquired | Source of acquisition | Cost, normal purchase price | Total Checkouts | Full call number | Date last seen | Copy number | Koha item type |
|---|---|---|---|---|---|---|---|---|---|---|---|---|---|---|---|
| Dewey Decimal Classification | Not For Loan | Non-fiction | Central Library, University of Rajshahi | Central Library, University of Rajshahi | Reading Room | 25/04/1968 | pide | 5.00 | 363.96 BEP 1968 | 14/05/2014 | C-1 | Books |